000 00402nam a2200157Ia 4500
003 Ost
005 20260225132539.0
008 260225s9999||||xx |||||||||||||| ||und||
040 _cfsic
041 _afre
082 _a70.4
100 _aMarie noel sicard
_eAuteur
245 0 _aEntre médias et crises technologiques les enjeux communicationnels /
245 0 _cMarie noel sicard
942 _cكتاب
999 _c33420
_d33420